[Event "SWE-ch"]
[Site "Linkoping"]
[Date "2001.07.01"]
[Round "2"]
[White "Karlsson, Lars"]
[Black "Berg, Emanuel"]
[Result "0-1"]
[WhiteElo "2476"]
[BlackElo "2474"]
[Annotator "Tyomkin,D"]
[PlyCount "138"]
[EventDate "2001.06.30"]
[EventType "tourn"]
[EventRounds "13"]
[EventCountry "SWE"]
[EventCategory "8"]
[SourceTitle "CBM 085"]
[Source "ChessBase"]
[SourceDate "2001.11.13"]
[SourceVersion "1"]
[SourceVersionDate "2001.11.13"]
[SourceQuality "1"]

1. Nf3 f5 2. g3 Nf6 3. Bg2 d6 4. d4 g6 5. b3 Bg7 6. Bb2 O-O 7. O-O Ne4 8. Nbd2
Nc6 (8... Nxd2 {Stohl} 9. Qxd2 Nc6 10. Ne1 $1 {(Stohl) An interesting move,
which is undoubtedly more ambitious than the insipid} Qe8 {Logical.} (10... e5
$6 {Stohl} 11. Bxc6 bxc6 12. dxe5 dxe5 13. Nd3 $1 e4 14. Bxg7 Kxg7 15. Qc3+ Qf6
16. Qxf6+ Kxf6 17. Nc5 Be6 18. Rfd1 $18 {[%csl Ra7,Rc6,Rc7,Re6] 1-0 Kolev,
A-Danailov,S/Zaragoza op 1994 (33) _|_,ק,Be6}) (10... Bd7 {Stohl} 11. Rd1 $14
{and Black can't advantageously realize the freeing e5.}) 11. f4 $5 {[%csl Gc4,
Gd5,Ge4][%cal Yd4d5,Yc2c4,Ye2e4]} (11. e4 $143 {Stohl} fxe4 12. Bxe4 e5 13.
dxe5 Bxe5 $10 {<=>}) 11... e5 $5 {Risky, but necessary. Otherwise White gets
in c4,d5,e4 with full central control.} 12. Bd5+ $1 (12. fxe5 {Stohl} dxe5 13.
d5 Ne7 (13... Nd8 $5 14. e4 Nf7 $13) 14. e4 fxe4 15. Rxf8+ Qxf8 16. Bxe4 Bf5
$132 {and White misses a tempo (Nd3,Re1) to gain a substantial edge.}) (12.
dxe5 $6 {Stohl} dxe5 13. Nd3 (13. Bd5+ Be6 $1 $15) 13... e4 {[%csl Rg2] ץg2})
12... Kh8 (12... Be6 $2 {Stohl} 13. Bxe6+ Qxe6 14. d5 $18) 13. dxe5 dxe5 14.
Nd3 (14. Nf3 $5 {Stohl}) 14... exf4 $8 (14... e4 $143 $2 {Stohl} 15. Bxg7+ Kxg7
16. Qc3+ Rf6 17. Ne5 $1 {+/-/+-}) 15. Bxg7+ Kxg7 16. Qxf4 $5 $36 {[%csl Rg7]
[%cal Ga1h8] 1-0 Stohl,I-Kindermann,S/Portoroz 1998/CBM 66/[Stohl] (27) עg7,/
^a1-h8} ({Weaker is the tempting} 16. Qc3+ {Stohl} Rf6 17. Rxf4 (17. Nxf4 Qe5
$11) (17. gxf4 Qe3+ 18. Kh1 Qd4 $15) 17... Qe3+ 18. Kh1 Bd7 {[%cal Ya8e8] /
\Re8 and there is no clear way for White to exploit the pin on the long
diagonal.})) 9. e3 (9. Ne1 $5 {Stohl} Nxd2 (9... d5 $143 $6 10. Ndf3 f4 11. Nd3
g5 12. c4 e6 13. Rc1 Ne7 14. Nd2 Nd6 15. e3 fxe3 16. fxe3 Ndf5 17. Qe2 Ng6 18.
Nf3 c6 19. e4 Nd6 20. Nfe5 dxe4 21. Rxf8+ Nxf8 22. Bxe4 Nf5 23. Rf1 Qe7 24.
Nxc6 bxc6 25. Bxf5 Qd6 26. Be4 Bxd4+ 27. Bxd4 Qxd4+ 28. Qf2 Qxf2+ 29. Rxf2 Bd7
30. Ne5 Rc8 31. Rf7 {1-0,Lputian,S-Gurevich,M/URS-chYM Jurmala/1983/}) 10. Qxd2
{-8...Nd2.}) (9. c4 e5 (9... Nxd2 10. Qxd2 e5 {-the same;}) 10. dxe5 (10. Nxe4
$6 fxe4 11. Nd2 exd4 12. Nxe4 Qe7 $15 {[%cal Gc8f5]}) 10... Nxd2 11. Qxd2 dxe5
{-leads to well known position, where black is quite safe as it was proved in
several games;}) 9... e5 {There is no reason to hurry up with the trade on d2,
but actually it leads to the same:} (9... Nxd2 10. Qxd2 e5 11. d5 Nb8 12. c4
Nd7 13. Qc2 Nf6 14. Nd2 $132 {1/2-1/2 Fatalibekova,E-Lagvilava,G/Svetlogorsk
1997/EXT 98 (61)}) 10. d5 $146 {Probably the best what white can do here;} (10.
Nc4 exd4 (10... Qe8 $1) 11. Nxd4 Ne5 12. Nxe5 Bxe5 {[%cal Rc7c5]} (12... dxe5
13. Nb5 c6 $132) 13. Qc1 $11 {1-0 Sale,S-Sawatzki,F/Budapest 1993/EXT 98 (56)})
(10. dxe5 Nxd2 11. Nxd2 dxe5 12. Nc4 Qe8 $1 (12... e4 $6 13. Bxg7 Kxg7 14. f3 {
[%csl Gg2]}) 13. Bxc6 bxc6 14. Qd2 Ba6 15. Rfd1 Qe6 16. Qd7 Bxc4 {1/2-1/2
Vadasz,L-Hoffmann,M/Budapest 1994/CBM 43 ext (16)}) 10... Nxd2 11. Nxd2 (11.
Qxd2 {-see 9...Nxd2}) 11... Nb8 {[%cal Gb8d7] Typical monouevre- Nd7 is coming
then. Ne7 is worse- knight has less perspectives there;} 12. f4 (12. c4 Qe7 {
[%cal Gb8d7,Ye5e4,Yd7e5]}) 12... Qe7 {Black could freeze up the structure in
the centre by:} (12... e4 $5 13. Bxg7 Kxg7 14. g4 $5 $132 {[%cal Gf1f2,Yd2f1,
Yf1g3] and white can create some play over the kingside, getting its' light
pieces into the game;} (14. b4 {[%cal Gd2b3,Yc2c4] as well as white can play
over the queenside, where it has space advantage thanks to advanced pawn "d";})
) 13. Re1 g5 {Again black could close off the centre, nothing gaining by it:} (
13... e4 14. Bxg7 Qxg7 15. c4 a5 {[%cal Gb8a6,Ga6c5]} 16. a3 Na6 17. b4 $132)
14. Qh5 gxf4 15. exf4 e4 16. Bxg7 Qxg7 17. Nc4 {Moving the knight to the
blocade- e3 is a goal;} Nd7 18. Ne3 Nf6 19. Qh4 Bd7 20. Rad1 a5 21. a4 Rf7 22.
Bf1 (22. Qg5 Qxg5 (22... Qg6 $11) 23. fxg5 Nh5 24. Rf1 {[%csl Yf5][%cal Gg2h3]}
) 22... Kh8 23. Qg5 $6 {Very suspicious. White's idea of previously played Bf1
was to transfer the knight to f4 thru g2, but white is not able to hold the
structure stable over the kingside that way. Much more logical looks to go to
that ending immediatly by 22.Qg5- white can create a pressure over f-file in
that case.} Qxg5 (23... Qg6 $11) 24. fxg5 {[%mdl 4096]} Ng8 {[%cal Gg8e7,Ye7g6]
} 25. h4 Ne7 26. Ng2 (26. Bh3 $6 Ng6 {[%csl Rf3][%cal Gg6e5]}) 26... h6 {
Like in Volga Gambit!} 27. gxh6 Rg8 {Pawn h6 can be taken back at any time;}
28. Kh2 (28. Kf2 Ng6 {with the same ideas as in the game;}) 28... Ng6 29. Re3
f4 (29... Ne5 30. Be2 Rf6 31. Nf4 $14) 30. gxf4 Bg4 31. Be2 $6 {There was an
interesting sacrifice of exchange after:} (31. Rd4 $1 Bf3 (31... Nxf4 32. Rexe4
$16) 32. Rdxe4 Bxe4 33. Rxe4 Ne7 {[%csl Yd5][%cal Ge7f5]} 34. Ne3 Rg6 35. Kh3
Rxh6 36. Bd3 {[%cal Gf4f5] white is clearly better;}) 31... Nxf4 32. Bxg4 Rxg4
33. Rd2 (33. Rg3 $2 Rxg3 34. Kxg3 Ne2+ $17 {[%cal Ge2c3,Yf7f3,Yf3f2]}) 33...
Ng6 {Black reasonably keeps itsè knight out of trade. After 33...Nxg2 white
reaches draw in that rooks' ending:} (33... Nxg2 34. Rxg2 Rxh4+ 35. Kg3 (35.
Rh3 Rhf4 $17) 35... Rff4 36. Rc3 Rhg4+ $11) 34. Rg3 {More accurate was:} (34.
Rde2 Ne5 35. Rxe4 Rxe4 (35... Rg6 36. h5 Nf3+ (36... Rxh6 37. Nf4 $16) 37. Kh3
(37. Kh1 $2 Rg3 {[%csl Rh1][%cal Rg3h3]}) 37... Ng1+ $11) 36. Rxe4 Rf2 37. b4
Rxc2 (37... axb4 38. Rxb4 b6 39. Kg3 Rf3+ (39... Rxc2 40. Ne3 $14) 40. Kh2 Rf2
$11) 38. bxa5 Rd2 39. Rb4 Rxd5 40. Rxb7 Rxa5 41. Rxc7 Rxa4 $11) 34... Rxg3 35.
Kxg3 Rf3+ 36. Kh2 Ne5 37. Re2 Ng4+ 38. Kg1 e3 39. Re1 $2 {White has missed a
way to reorganize its' forces by:} (39. Ne1 Rf6 40. Kg2 $11 {[%cal Ge1f3,Yf3h2]
}) 39... Kh7 40. Rf1 Rg3 $17 {[%csl Rg1,Rg2] Now white king and knight stay
trapped on the kingside;} 41. Kh1 Rh3+ 42. Kg1 Kxh6 43. Rf4 Rg3 44. Kf1 (44.
Re4 Kg6 {[%cal Gg6f5]} 45. c4 Kf5 $17 46. Rf4+ $140 Ke5 $19 {[%cal Rg3g2]})
44... Nh2+ 45. Kg1 Nf3+ 46. Kf1 Nh2+ 47. Kg1 Nf3+ 48. Kf1 {With the following
move Berg trasforms the game to rooks' ending, but white can hold position
there. There was another way for black (48...Nd2) in which black could keep
winning chances;} Rxg2 $2 (48... Nd2+ 49. Kg1 Rg6 {[%cal Re3e2] preventing
Rf6-e6;} (49... e2 50. Rf6+ Kh5 51. Re6 e1=Q+ 52. Rxe1 Nf3+ 53. Kf2 Rxg2+ 54.
Kxf3 Rxc2 55. Re7 $11) 50. Kh1 $1 {[%cal Gg2e1] releasing the knight from pin;}
(50. Rf8 e2 51. Re8 e1=Q+ 52. Rxe1 Nf3+ 53. Kf2 Nxe1 54. Nxe1 Kh5 $19) 50... e2
{[%cal Rg6g2]} 51. Ne1 Kh5 52. Rf7 {[%cal Gf7e7]} Ne4 $17 {black's advantage
is close to decisive, for example:} (52... Kxh4 53. Re7 $1 (53. Rxc7 Kg3 $19 (
53... Rf6 {[%cal Gf6f1]})) 53... Nf1 54. Rxc7 {black has an advantage, but
there is no clear way to the win;}) 53. Rxc7 Kxh4 54. Re7 (54. Rxb7 Kg3 $19)
54... Rg4 {[%cal Gh4g3] and so on;}) 49. Rxf3 $8 $11 Rxc2 50. Rxe3 Kh5 (50...
Kg6 51. Re7 Kf5 52. h5 Kg5 53. Rh7 $11) 51. Re4 Rb2 (51... Rc3 52. b4 axb4 53.
Rxb4 b6 54. Ke2 $11) 52. Rc4 Rxb3 53. Rxc7 Kxh4 54. Rd7 Rb6 55. Ke2 Kg5 56. Kd3
Kf5 57. Re7 (57. Rd8 {[%cal Gd8a8]} Ke5 (57... Rb4 58. Rxd6 Ke5 59. Rg6 Rxa4
60. Rb6 $11) 58. Ra8 Ra6 59. Rb8 $11) 57... Rb3+ 58. Kc2 Rb4 59. Re6 Rxa4 60.
Rxd6 b5 61. Rh6 Rd4 62. d6 Kg5 63. Re6 Kf5 64. Rh6 Kg5 65. Re6 Kf4 66. Rf6+ $4
{[%mdl 4096] For some reason white didn't follow the same strategy. There was
no way for white to win after:} (66. Rh6 Rd5 {[%cal Gf4e4]} (66... Kg4 67. Re6
Rd5 68. Kc3) 67. Kb2 Ke4 68. Kc3 Ke5 69. d7 b4+ 70. Kb3 $11) 66... Ke5 67. Rh6
Kd5 68. d7 (68. Kc3 Rc4+ 69. Kd3 Kc6 70. Rh5 Rc1 {[%cal Gc1d1]} 71. Kd2 Rg1 $19
{[%cal Gg1g8,Yg8d8]}) 68... Kc5 69. Rh5+ Kb6 0-1

[Event "Budapest FS12 GM-A"]
[Site "Budapest"]
[Date "2001.12.08"]
[Round "8"]
[White "Horvath, Jozsef"]
[Black "Antal, Gergely"]
[Result "1/2-1/2"]
[WhiteElo "2551"]
[BlackElo "2426"]
[Annotator "Tyomkin,D"]
[PlyCount "72"]
[EventDate "2001.11.01"]
[EventType "tourn"]
[EventRounds "13"]
[EventCountry "HUN"]
[EventCategory "10"]
[SourceTitle "CBM 087"]
[Source "ChessBase"]
[SourceDate "2002.03.21"]
[SourceVersion "1"]
[SourceVersionDate "2002.03.21"]
[SourceQuality "1"]

1. c4 f5 2. Nf3 Nf6 3. g3 g6 4. Bg2 Bg7 5. O-O d6 6. d4 O-O 7. Nc3 Qe8 8. b3 e5
{This line is one of many possibilities for black in this well-known position
of Dutch Leningrad;} 9. dxe5 dxe5 10. e4 Nc6 11. Nd5 Rf7 {This is probably
only line where white can get some advantage! In other lines mentioned below
black is just fine!} (11... Nxd5 $5 12. cxd5 fxe4 (12... Nd4 $2 13. Nxd4 exd4
14. Ba3 Rf7 15. e5 $1 Bxe5 (15... f4 $2 16. e6 $18 {1-0 Baburin,A-Ronin,V/
Novosibirsk 1989/TD (26)}) (15... Qxe5 16. Re1 Qf6 17. Re8+ $16) 16. Re1 {
[%cal Gf2f4]} d3 (16... f4 17. gxf4 Rxf4 18. Bc1 $1 $18 {[%cal Gf2f4]}) 17. Rc1
$16 (17. Qxd3 Bd7 18. f4 $140 Bxa1)) 13. Ng5 Nd4 14. Nxe4 Bf5 (14... Kh8 $143
15. Bb2 Bf5 16. Rc1 Rc8 17. Re1 Qf7 (17... Qb5 18. Nc5 b6 19. a4 Qa5 20. Bxd4
exd4 21. Ne6 $14 {1/2-1/2 Stangl,M-Heinemann,T/Germany 1990/GER-chT (46)}) 18.
f4 Qxd5 19. Nc5 e4 20. Nxe4 (20. g4 $5) 20... Rfe8 21. Nc5 $16 {1/2-1/2
Gavrikov,V-Blagojevic,D/Prague 1988/EXT 97 (38)}) 15. Be3 Rd8 $11 {0-1 Fiorito,
F-Roman,F/Buenos Aires 1995/EXT 97 (26)}) (11... Qd7 $5 12. Ba3 Rd8 13. exf5 $6
(13. Qc2 Nxe4 14. Rad1 Nd4 $5 (14... Kh8 15. Nf6 Bxf6 16. Rxd7 Bxd7 $13 {
1-0 Jakab,A-Markus,R/Subotica YUG 2001/The Week in Chess 367 (36)})) 13... e4
14. Ng5 gxf5 $15 {0-1 Obukhov,A-Beshukov,S/Krasnodar 1991/CBM 25 ext (39)}) 12.
Ng5 (12. exf5 gxf5 13. Bb2 h6 (13... e4 $5 14. Ng5 Nxd5 15. Bxg7 Rxg7 16. Qxd5+
Kh8 17. Nh3 Be6 {with chances to equalize;}) 14. Re1 e4 15. Nxf6+ Bxf6 16. Qd2
Be6 17. Bxf6 Rxf6 18. Qc3 Qf7 19. Nh4 $14 {[%cal Gf2f3] 1-0 Zlochevskij,
A-Gupta,M/Nuremberg 1990/EXT 97 (45)}) 12... Rd7 {That is the idea of 11...
Rf7- there is a pin over d-file, but black lacks development of his queenside,
and it becomes critical in few moves;} ({Following sacrifice of exchange
doesn't lead to satisfied compensation:} 12... Nxe4 13. Nxf7 Qxf7 14. Bb2 $16 {
1-0 Balashov,Y-Yrjola,J/Voronez 1987/EXT 97 (22)}) 13. exf5 gxf5 14. Bb2 h6 (
14... Ng4 $6 15. h3 Nh6 {dubious monouevre;} 16. Qe2 Qg6 17. f4 $14 {1-0
Lechtynsky,J-Psakhis,L/Trnava 1988/CBM 07 (30)}) (14... Nb4 15. Re1 Nbxd5 16.
Bxd5+ Nxd5 17. cxd5 c6 18. Ne6 $1 $14 {1-0 Fritz,R-Heidrich,M/Germany 1989/
GER-chT2 (27)}) 15. Nxf6+ (15. Nf3 Nxd5 16. cxd5 e4 17. Bxg7 Kxg7 18. Nh4 Qe5 (
18... Qf7 $2 19. Bxe4 $1 fxe4 20. Qg4+ Kh8 21. dxc6 $18 {1-0 Magerramov,
E-Klostermann,M/Budapest 1989/TD (44)}) 19. Qh5 Rxd5 20. Qg6+ Kf8 (20... Kh8 $2
21. Qf7 {[%cal Gh4g6]}) 21. Qxh6+ Qg7 22. Qe3 $36 {[%csl Rf8][%cal Ga1d1]}) (
15. Nh3 $5) 15... Bxf6 16. Bd5+ Kg7 17. Nf3 (17. Nh3 $5 {[%cal Gf1e1,Yf2f4]})
17... Nd8 $146 (17... e4 $2 18. Bxf6+ Kxf6 19. Qc1 $2 {What for??} (19. Bxc6 $1
bxc6 (19... Rxd1 20. Bxe8 Rxa1 21. Rxa1 exf3 22. Bh5 $18 {[%cal Gh5f3]}) 20.
Qe2 $16) (19. Nh4 $16) (19. Qe1 $16) 19... exf3 20. Re1 Qh5 21. Qc3+ Kg6 22.
Qh8 Rd8 (22... Rxd5 $1 23. cxd5 (23. Qg8+ Kf6 24. Re8 $5 Qxe8 25. Qxe8 Rd8 26.
Qh5 Kg7 27. Qxf3 Nd4 28. Qh5 Be6 $17) 23... Qh3 24. Qg8+ Kf6 25. Qf8+ Kg6 $11)
23. Re8 Be6 24. Rxe6+ {1-0 Lenz,T-Cuadrado,G/Germany 1994/EXT 99/[Bulletin] 
(24)}) (17... Nb4 18. Re1 $1 c6 $140 19. Bxe5 Bxe5 20. Nxe5 cxd5 21. Nxd7 Qxd7
22. a3 Nc6 23. cxd5 $18) (17... Ne7 18. Re1 $16) 18. Nxe5 $1 {[%mdl 64] Simple
tactics!} (18. Bxe5 Qf8 $1 {[%csl Rd5][%cal Gc7c6] and Bd5 is trapped!}) 18...
c6 19. Re1 $1 {Even better than direct 19.Nxd7;} (19. Nxd7 Bxb2 20. Rb1 Qxd7 (
20... Bxd7 21. Re1 $1) (20... cxd5 21. Rxb2 Bxd7 (21... Qxd7 {-20...Qd7;}) 22.
Re1 Qf7 23. Rbe2 $18) 21. Rxb2 cxd5 22. Rd2 Ne6 23. Rxd5 Qf7 24. f4 $16 {
[%cal Gf1e1]}) 19... cxd5 (19... Re7 20. Bg2 Bxe5 21. Rxe5 Rxe5 22. f4 $18) 20.
Nxd7 Qxd7 21. Bxf6+ Kxf6 22. cxd5 Qd6 23. Qd4+ Kg6 24. Qh8 $1 {Again the best
move;} (24. Re8 {[%cal Ge8g8,Rd4h8]} Be6 $1 25. Rd1 Bf7 26. Re5 $18) 24... Nf7
(24... Bd7 25. Qg8+ Kf6 26. h4 $1 $18 {[%cal Gh4h5,Yg8g6]}) 25. Qg8+ Kf6 26.
Re8 Qxd5 27. Rxc8 (27. Rf1 $3 {Only Fritz can find moves like this! The point
is that white would have f2-f3 defense in the line-28.Rxc8 Rxc8 29.Qxc8 Ng5,
and black can not do any useful move here;} Qc6 28. Rf8 Qc7 29. Qh8+ {and
black king gets mated;}) 27... Rxc8 28. Qxc8 Ng5 {[%cal Gg5f3,Gg5h3] Here
black got a counterplay thanx to the weakness of light squares over white king;
} 29. Qc3+ Kg6 30. h4 $6 {White just lost his mind for a moment facing some
threats;} (30. Rc1 Nf3+ (30... Nh3+ 31. Kf1 Qh1+ 32. Ke2 Ng1+ 33. Kd2 Qd5+ 34.
Qd3 Nf3+ 35. Ke3 $18) 31. Kg2 (31. Kf1 Nd4 {[%cal Rd5h1]} 32. f3 $8 Nxf3 {
[%cal Rf3h2]} 33. Qc2 Ne5 34. Qg2 Qd3+ 35. Qe2 Qd5 {nothing easy...}) 31...
Nd2+ (31... Nh4+ 32. Kf1 {[%cal Gf1e2]} Nf3 33. Qe3 Nxh2+ 34. Ke2 $18) (31...
Ne1+ 32. Kf1 Nd3 33. Rd1 Qh1+ 34. Ke2 Qe4+ 35. Kd2 Nxf2 36. Re1 $18) 32. f3 (
32. Kh3 Ne4 {[%cal Ge4g5] minimum draw for black;}) 32... Nxf3 $1 {[%cal Gd5d2]
} 33. Qxf3 (33. Qe3 $5 $16) 33... Qd2+ 34. Kh3 Qxc1 35. Qxb7 Qf1+ 36. Qg2 $16 {
white is up a pawn here;}) 30... Nf3+ 31. Kg2 $2 {The last moment in this game
white could try to get a full point out of it;} (31. Kf1 Nd4 32. f3 Nxf3 33.
Rc1 (33. Ke2 $5 Qe4+ 34. Kf2 Ne5 {[%cal Gf5f4]} 35. Rd1 f4 36. Rd6+ Kh5 37. Rd4
{but still black has some counterchances;}) 33... Nd2+ 34. Kg1 Ne4 (34... Nf3+
35. Kf2 Nd2 {[%cal Gd2e4]} 36. Qe3 Ne4+ 37. Kg1 {-like after 34...Ne4 directly;
}) 35. Qe3 Qe5 36. Rc2 $1 $16) 31... Nxh4+ (31... Ne1+ 32. Kf1 Nc2 33. Qxc2
Qh1+ 34. Ke2 Qxa1 35. g4 {Same ending as in the game but white pawn h is alive!
}) 32. Kf1 Nf3 33. Kg2 (33. Qe3 $5 {It leads to the draw too, but black has to
find 24...Kg5 here:} Nd4 34. Qe8+ Kg5 $1 $11 {Otherwise Qh5!}) 33... Ne1+ $1 {
[%mdl 64] moving the knight to the other side of the board- that's the time to
capture white rook;} (33... Nh4+ 34. Kf1 Nf3 {leads to the same, but white can
try Qe3 instead of Kg2;}) 34. Kf1 Nc2 $1 {[%mdl 64] winning exchange back;
Black knight is a hero of the final stage of this game;} 35. Qxc2 Qh1+ 36. Ke2
Qxa1 {This ending is equal; Draw after mutual attacks on both kings;} 1/2-1/2

[Event "EU-Cup 13th Group2"]
[Site "Eupen"]
[Date "1997.09.22"]
[Round "1"]
[White "Wilson, Jonathan"]
[Black "Koch, Jean Rene"]
[Result "1-0"]
[WhiteElo "2315"]
[BlackElo "2495"]
[Annotator "Tyomkin,D"]
[PlyCount "74"]
[EventDate "1997.09.22"]
[EventType "team-k.o."]
[EventRounds "3"]
[EventCountry "BEL"]
[SourceTitle "EXT 2020"]
[Source "ChessBase"]
[SourceDate "2019.10.17"]
[SourceVersion "1"]
[SourceVersionDate "2019.10.17"]
[SourceQuality "1"]
[WhiteTeam "London Barbican"]
[BlackTeam "Clichy Echecs 92"]
[WhiteTeamCountry "ENG"]
[BlackTeamCountry "FRA"]

1. d4 f5 2. g3 Nf6 3. Bg2 d6 4. Nf3 g6 5. O-O Bg7 6. c4 O-O 7. Nc3 Qe8 8. d5 (
8. b3) 8... a5 (8... Na6) 9. Nd4 Na6 10. e4 fxe4 11. Nxe4 Nxe4 12. Bxe4 Bh3 13.
Re1 (13. Bg2 Bxg2 14. Kxg2 Nc5 15. Re1 Qf7 16. Be3 c6 17. Nf3 Bxb2 18. Rb1 Bc3
19. Rf1 Bf6 20. Bxc5 dxc5 21. dxc6 bxc6 22. Qe2 $10 {Lukacs,P-Dao Thien Hai/
Budapest FS10 GM 19931/2-1/2(34)}) 13... Nc5 14. Bh1 Qa4 $2 (14... Qf7 {
Tyomkin,D} 15. Be3 Rae8 $1 (15... e5 16. dxe6 Nxe6 17. Qd2 Rae8 18. Nxe6 (18.
Bxb7 $2 Bxd4 19. Bxd4 c5 $19) 18... Bxe6 19. Rac1 (19. Qxa5 $6 {Dautov} b6 20.
Qd2 Bxc4 $15) (19. Bxb7 $6 {Dautov} Rb8 20. Bd5 Bxd5 21. Qxd5 Qxd5 22. cxd5
Rxb2 $10) 19... a4 $146 (19... b6 20. b3 Kh8 $11 {- Van der Sterren,P-Nikolic,
P/Ter Apel 1994/CBM 40/[Dautov] (42)}) 20. b3 axb3 21. axb3 b6 $11 (21... c6 $2
22. Qxd6 (22. Bg2 $2 Rd8 $11 {- Otero,E-Valdes,L/Hermanos Saiz 1992/EXT 97})
22... Bxc4 23. Rxc4 Rxe3 24. Qxf8+ $1 Bxf8 25. Rxe3 $16)) 16. Qd2 b6 17. b3 (
17. Nc6 $6 Nd7 (17... e6 $1 18. Bxc5 $140 $2 bxc5) 18. Bd4 Nf6 19. Re2 Bd7 $11
{Hirsch,J-Michalek,J/Brno Morava-C 1991/0-1(43)}) (17. Rab1 Kh8 18. b3 Bd7 19.
a3 e5 20. dxe6 Nxe6 21. Bd5 Re7 22. Nxe6 Bxe6 23. Bg5 Bf6 24. Bxf6+ Qxf6 25.
Bxe6 Rxe6 26. Rxe6 Qxe6 $11 {Sakurai,L-Quinteros,M/Villa Ballester op 1994/0-1
(57)}) 17... Kh8 18. Rac1 Bd7 $1 19. h4 Qf6 20. Ne2 e6 21. dxe6 Nxe6 $10 {
[%csl Rf2][%cal Gg7h6] Akopian,V-Vyzmanavin,A/Novosibirsk 1993/1-0(60)}) 15. b3
Qb4 (15... Nxb3 16. Nxb3 (16. Bb2 Nc5) 16... Bxa1 17. Nxa1 Qxc4 18. Qb3 Qxb3
19. Nxb3 Rf7 20. Nd4 $14 {[%csl Gd5] in this position two light piece stronger
than the rook and twoP}) 16. Be3 $6 (16. Rxe7 $5 $146 Bf6 $142 (16... Qc3 17.
Be3 Rae8 (17... a4 18. Rc1 Qd3 19. b4 Rae8 20. Rxe8 Rxe8 21. bxc5 Rxe3 22. Ne6
$1 $16) 18. Rc1 Qd3 19. Rxe8 Rxe8 20. Qxd3 Nxd3 21. Rd1 Nb4 22. a3 $16) (16...
Rae8 17. Rxe8 Rxe8 18. Bd2 Qb6 19. Be3 $16) 17. Re3 (17. Rxc7 $4 Bxd4) 17... a4
18. a3 (18. Bb2 axb3 19. axb3 Na4 $1 20. Rxa4 Rxa4 21. Nc2 (21. Bc3 Qxc3 22.
Rxc3 Bxd4) 21... Bxb2 22. Nxb4 Ra1 $44) 18... Qb6 19. b4 Nb3 20. Nxb3 axb3 21.
Rb1 Bd4 22. Rbxb3 Bxe3 23. Bxe3 $14) (16. Bb2 $2 Na4) (16. Rb1 $2 Nd3 {[%csl
Re1]}) 16... a4 $36 17. a3 Qc3 18. Rc1 (18. b4 $6 Nb3 19. Nxb3 axb3 20. Rc1 Qb2
$36) 18... Qb2 19. Rb1 $1 $146 (19. b4 $2 {Tyomkin,D} Nb3 20. Rb1 Qc3 (20...
Qxa3 21. Nxb3 axb3 22. Rxb3 Qa6 23. Bd4) 21. Nxb3 axb3 22. Qxb3 $2 (22. Rc1 $10
) 22... Rxa3 $1 $17 {Komarov,D-Piskov,Y/Douai 1993}) 19... Qxa3 (19... Qc3 $2
20. Nb5 {[%cal Gb5c7]}) 20. Nb5 Qa2 21. Re2 (21. b4 Na6 {[%csl Rc4]} (21... Nb3
$2 22. Re2 {[%csl Ra2]})) 21... axb3 22. Bxc5 Bg4 $5 (22... dxc5 $5 23. Rxa2
bxa2 24. Ra1 $132) 23. f3 Rxf3 24. Bd4 Rxg3+ 25. hxg3 Bxe2 26. Qc1 (26. Qxb3
Qxb3 27. Rxb3 Bxc4 28. Rb4 Bxb5 29. Bxg7 Kxg7 30. Rxb5 {and this position
about a draw}) 26... Rf8 {[%csl Rf1]} 27. Bg2 Qc2 $4 (27... Bxd4+ 28. Nxd4 Bxc4
29. Rb2 Qa7 30. Rd2 b5 $1 $132 {[%csl Rd5][%cal Gg1h2,Yd4e6] black has 5!
pawns for a knight,but white has a good counterplay} (30... Qa5 {[%cal Gc4d5]}
31. Ne6) (30... Qc5 31. Kh2)) 28. Bxg7 $18 Kxg7 29. Nd4 {[%cal Gd4e6]} Qxc1+
30. Rxc1 {[%csl Rb3][%cal Gd4e6]} b2 31. Rb1 Bxc4 $2 32. Ne6+ Kg8 33. Nxf8 Kxf8
34. Rxb2 b5 35. Bf1 Bxd5 36. Rxb5 c6 37. Rb8+ Kg7 1-0